Matematika 19. veka Čebyševskoje napravlenije v teorii funkcij. Obyknovennyje differencial'nyje uravnenija. Variacionnoje isčislenije. Teorija konečnych raznostej

Saved in:
Bibliographic Details
Format: Book
Language:Russian
Published: Moskva Nauka 1987
Edition:1. izd.
Tags: Add Tag
No Tags, Be the first to tag this record!

MARC

LEADER 00000nam a2200000 4500
001 c023128
005 20250121090552.0
041 0 |a rus 
044 |a RU 
245 1 0 |a Matematika 19. veka  |b Čebyševskoje napravlenije v teorii funkcij. Obyknovennyje differencial'nyje uravnenija. Variacionnoje isčislenije. Teorija konečnych raznostej  |c Red. A.P. Juškovič, A.N. Kolmogorov 
250 |a 1. izd. 
264 1 |a Moskva  |b Nauka  |c 1987 
300 |a 317 s.